[Event "Heusenstamm Sparkassen op"]
[Site "Heusenstamm GER"]
[Date "2025.11.21"]
[Round "3"]
[White "Kupriyanov, Daniel"]
[Black "Golubka, Petro"]
[Result "1/2-1/2"]
[WhiteElo "2197"]
[BlackElo "2389"]
[WhiteFideId "-1"]
[BlackFideId "-1"]
[PlyCount "110"]
[GameId "2247881874237482"]
[EventDate "2025.11.20"]
[EventType "swiss"]
[EventRounds "7"]
[EventCountry "GER"]
[SourceTitle "Mega2025 Update 56"]
[Source "Chessbase"]
[SourceDate "2025.11.28"]
[SourceVersion "1"]
[SourceVersionDate "2025.11.28"]
[SourceQuality "1"]

1. d4 g6 2. e4 Bg7 3. Nc3 c6 4. h3 d6 5. Nf3 Nf6 6. Be3 O-O 7. Qd2 b5 8. Bd3 Nbd7 9. Bh6 e5 10. Bxg7 Kxg7 11. O-O a6 12. Rfe1 Bb7 13. Bf1 c5 14. dxe5 dxe5 15. Rad1 Re8 16. b3 Qb6 17. Qe3 Bc6 18. Nd2 Rab8 19. a4 Nf8 20. axb5 axb5 21. Nf3 N8d7 22. Nd2 Ra8 23. Ra1 Qb7 24. Bd3 Nh5 25. g3 Nhf6 26. Kh2 Reb8 27. f3 Ne8 28. Qg1 Nc7 29. Rxa8 Rxa8 30. Ra1 Rb8 31. Kg2 h5 32. h4 Ra8 33. Qb1 b4 34. Ne2 Nb5 35. Nc4 Na3 36. Qb2 Nxc4 37. Bxc4 f5 38. Rxa8 Qxa8 39. exf5 Bxf3+ 40. Kf2 gxf5 41. Qc1 f4 42. gxf4 Bg4 43. fxe5 Qd8 44. Kg3 Nxe5 45. Qa1 Qf6 46. Qa7+ Kh6 47. Qa6 Nc6 48. Nf4 Bd7 49. Bd5 Qg7+ 50. Kh2 Qe5 51. Kg3 Qe3+ 52. Bf3 Qe1+ 53. Kg2 Qd2+ 54. Kg3 Qe1+ 55. Kg2 Qd2+ 1/2-1/2

[Event "Heusenstamm Sparkassen op"]
[Site "Heusenstamm GER"]
[Date "2025.11.23"]
[Round "6"]
[White "Golubka, Petro"]
[Black "Spiric, Igor"]
[Result "1-0"]
[WhiteElo "2389"]
[BlackElo "2174"]
[WhiteFideId "-1"]
[BlackFideId "-1"]
[PlyCount "65"]
[GameId "2247881874262111"]
[EventDate "2025.11.20"]
[EventType "swiss"]
[EventRounds "7"]
[EventCountry "GER"]
[SourceTitle "Mega2025 Update 56"]
[Source "Chessbase"]
[SourceDate "2025.11.28"]
[SourceVersion "1"]
[SourceVersionDate "2025.11.28"]
[SourceQuality "1"]

1. d4 Nf6 2. c4 c5 3. d5 e6 4. Nc3 exd5 5. cxd5 d6 6. e4 g6 7. f4 Bg7 8. e5 dxe5 {was the old line (8...Nfd7). war die alte Variante (8...Sfd7).} 9. fxe5 Nfd7 10. e6 fxe6 11. dxe6 Bxc3+ 12. bxc3 Qh4+ 13. g3 Qe4+ 14. Qe2 Qxe2+ 15. Nxe2 Nf8 16. Nf4 Nxe6 17. Bc4 Nxf4 $146 (17... Nc7 18. O-O b5 19. Nd5 Nba6 20. Re1+ Kd7 21. Re7+ Kc6 22. Nxc7 Nxc7 23. Bf4 Na6 24. Bf1 Bf5 25. a4 {1-0 Heberla,B (2536)-Reinkemeier,T (2160) Malta op Bugibba 2012 (2)}) 18. Bxf4 Bf5 19. O-O-O Nd7 20. Rhe1+ Kd8 21. Be6 Bxe6 22. Rxe6 Rf8 23. Bg5+ Kc8 24. Re7 Nb6 25. Bf4 a6 26. Rxh7 g5 27. Bd6 Rf6 28. Be5 Rf8 29. Bd6 Rf6 30. Rh8+ Kd7 31. Be5+ Ke6 32. Bxf6 Kxf6 33. Rh6+ 1-0

[Event "Heusenstamm Sparkassen op"]
[Site "Heusenstamm GER"]
[Date "2025.11.23"]
[Round "7"]
[White "Mester, Philipp"]
[Black "Golubka, Petro"]
[Result "1/2-1/2"]
[WhiteElo "2285"]
[BlackElo "2389"]
[WhiteFideId "-1"]
[BlackFideId "-1"]
[PlyCount "81"]
[GameId "2247881874270314"]
[EventDate "2025.11.20"]
[EventType "swiss"]
[EventRounds "7"]
[EventCountry "GER"]
[SourceTitle "Mega2025 Update 56"]
[Source "Chessbase"]
[SourceDate "2025.11.28"]
[SourceVersion "1"]
[SourceVersionDate "2025.11.28"]
[SourceQuality "1"]

1. d4 f5 2. c4 e6 3. Nf3 Nf6 4. g3 Be7 5. Nc3 O-O 6. a3 d5 7. Bf4 c6 8. e3 Ne4 9. h4 Nd7 10. Be2 Ndf6 11. Qc1 Bd7 12. Ne5 Be8 13. b4 Bh5 14. f3 Nxc3 15. Qxc3 Nd7 16. c5 Nxe5 17. Bxe5 Bf6 18. Kf2 Bxe5 19. dxe5 Qc7 20. a4 Rfc8 21. Rhc1 a6 22. Bd3 Qe7 23. Qd4 Qc7 24. Ra2 Qe7 25. a5 Rf8 26. Rh1 Kh8 27. Raa1 Rad8 28. Raf1 Rf7 29. Ke2 Rdf8 30. Qf4 Rd8 31. Qg5 Qxg5 32. hxg5 Bg6 33. Rh4 Kg8 34. Rfh1 Rff8 35. Rd4 Kf7 36. Rhh4 Ke7 37. Bc2 Rh8 38. Rd1 f4 39. Bxg6 hxg6 40. exf4 Rxh4 41. gxh4 1/2-1/2

[Event "Coventry Blitz op"]
[Site "Coventry ENG"]
[Date "2025.10.28"]
[Round "1"]
[White "Dissanayake, Sathsara"]
[Black "Golubka, Petro"]
[Result "0-1"]
[WhiteElo "1840"]
[BlackElo "2455"]
[WhiteFideId "-1"]
[BlackFideId "-1"]
[PlyCount "50"]
[GameId "546820752101"]
[EventDate "2025.10.28"]
[EventType "swiss"]
[EventRounds "9"]
[EventCountry "ENG"]
[SourceTitle "Mega2025 Update 53"]
[Source "Chessbase"]
[SourceDate "2025.11.09"]
[SourceVersion "1"]
[SourceVersionDate "2025.11.09"]
[SourceQuality "1"]

1. e4 e6 2. d4 d5 3. exd5 exd5 4. c4 Nf6 5. Nf3 Be7 6. Nc3 O-O 7. Be2 Nc6 8. O-O Be6 9. Ne5 dxc4 10. Nxc6 bxc6 11. Qa4 Nd5 12. Qxc6 Nb4 13. Qa4 Qxd4 14. Be3 Qe5 15. Rad1 a5 16. a3 Nd3 17. Bxd3 cxd3 18. Rxd3 Rab8 19. Bf4 Qf5 20. Rf3 Qh5 21. Bxc7 Rxb2 22. Qxa5 Qxa5 23. Bxa5 Bc4 24. Ra1 Ra8 25. Bb6 Rxb6 0-1

[Event "Coventry Blitz op"]
[Site "Coventry ENG"]
[Date "2025.10.28"]
[Round "2"]
[White "Golubka, Petro"]
[Black "Dicen, Elis Denele"]
[Result "1/2-1/2"]
[WhiteElo "2455"]
[BlackElo "1972"]
[WhiteFideId "-1"]
[BlackFideId "-1"]
[PlyCount "184"]
[GameId "546820752119"]
[EventDate "2025.10.28"]
[EventType "swiss"]
[EventRounds "9"]
[EventCountry "ENG"]
[SourceTitle "Mega2025 Update 53"]
[Source "Chessbase"]
[SourceDate "2025.11.09"]
[SourceVersion "1"]
[SourceVersionDate "2025.11.09"]
[SourceQuality "1"]

1. e4 c5 2. b3 Nf6 3. e5 Nd5 4. Qf3 e6 5. Bb2 Nc6 6. Bc4 Nde7 7. Na3 a6 8. Bd3 d5 9. exd6 Qxd6 10. Nc4 Qc7 11. Qg3 Nd5 12. Qxc7 Nxc7 13. a3 b5 14. Nb6 Rb8 15. Nxc8 Rxc8 16. f4 f6 17. Nh3 Bd6 18. O-O-O Nd5 19. g3 Kf7 20. Be4 Nce7 21. Rhe1 Rhd8 22. Kb1 g6 23. Bf3 c4 24. b4 Nf5 25. c3 Be7 26. Re2 Nb6 27. Rde1 Rd6 28. Nf2 Rcd8 29. Bc1 h5 30. Bg2 Ng7 31. Ne4 R6d7 32. Bh3 f5 33. Nf2 Nd5 34. Bg2 Bf6 35. Bb2 Rd6 36. Kc2 Nb6 37. Rd1 Na4 38. Ba1 g5 39. fxg5 Bxg5 40. d4 cxd3+ 41. Rxd3 Nb6 42. Rxd6 Rxd6 43. Bb2 Nc4 44. Bf3 e5 45. h4 Bf6 46. Bc1 e4 47. Bg2 Ne6 48. Bxe4 fxe4 49. Nxe4 Rb6 50. Rf2 Ng7 51. Bg5 Ne8 52. Kb3 Kg6 53. a4 Bxg5 54. hxg5 Ne5 55. a5 Rc6 56. Rd2 Rc4 57. Nc5 Kxg5 58. Nxa6 Nc7 59. Nc5 Nc6 60. Ra2 Nd5 61. Rc2 Nxa5+ 62. bxa5 Rxc5 63. a6 Nc7 64. a7 Rc6 65. Ra2 Kg4 66. Ra5 Rb6 67. c4 bxc4+ 68. Kxc4 Kxg3 69. Rxh5 Ra6 70. Rg5+ Kf4 71. Rg7 Rxa7 72. Rd7 Ke5 73. Rh7 Kd6 74. Rh6+ Kd7 75. Rh7+ Kc6 76. Rh6+ Kb7 77. Rh7 Ra4+ 78. Kc5 Ra5+ 79. Kd6 Ra6+ 80. Kc5 Rc6+ 81. Kd4 Kb6 82. Ke4 Ne6 83. Rh1 Nc5+ 84. Kd5 Nb7 85. Rb1+ Kc7 86. Rh1 Rd6+ 87. Ke5 Kc6 88. Rc1+ Nc5 89. Rc4 Rd5+ 90. Kf6 Rd6+ 91. Ke5 Rd5+ 92. Kf6 Rd6+ 1/2-1/2

[Event "Coventry Blitz op"]
[Site "Coventry ENG"]
[Date "2025.10.28"]
[Round "3"]
[White "Harshavardhan, Engam"]
[Black "Golubka, Petro"]
[Result "0-1"]
[WhiteElo "1764"]
[BlackElo "2455"]
[WhiteFideId "-1"]
[BlackFideId "-1"]
[PlyCount "46"]
[GameId "546820752139"]
[EventDate "2025.10.28"]
[EventType "swiss"]
[EventRounds "9"]
[EventCountry "ENG"]
[SourceTitle "Mega2025 Update 53"]
[Source "Chessbase"]
[SourceDate "2025.11.09"]
[SourceVersion "1"]
[SourceVersionDate "2025.11.09"]
[SourceQuality "1"]

1. d4 Nf6 2. c4 e6 3. Nf3 c5 4. d5 b5 5. cxb5 exd5 6. e3 Be7 7. a4 a6 8. bxa6 Nxa6 9. Bb5 Nc7 10. Be2 O-O 11. O-O Re8 12. Nc3 Bb7 13. Qb3 Bc6 14. a5 Na6 15. Ne5 c4 16. Qa2 Nb4 17. Nxc6 dxc6 18. Qa4 Nd7 19. Na2 Nb6 20. Qd1 Rxa5 21. Bd2 Rxa2 22. Bxb4 Rxa1 23. Qxa1 Bxb4 0-1

[Event "Coventry Blitz op"]
[Site "Coventry ENG"]
[Date "2025.10.28"]
[Round "4"]
[White "Golubka, Petro"]
[Black "Harikrishnan, A Ra"]
[Result "0-1"]
[WhiteElo "2455"]
[BlackElo "2429"]
[WhiteFideId "-1"]
[BlackFideId "-1"]
[PlyCount "70"]
[GameId "546820752155"]
[EventDate "2025.10.28"]
[EventType "swiss"]
[EventRounds "9"]
[EventCountry "ENG"]
[SourceTitle "Mega2025 Update 53"]
[Source "Chessbase"]
[SourceDate "2025.11.09"]
[SourceVersion "1"]
[SourceVersionDate "2025.11.09"]
[SourceQuality "1"]

1. e4 e6 2. d4 d5 3. e5 c5 4. c3 Nc6 5. Nf3 Nge7 6. Bd3 cxd4 7. O-O dxc3 8. Nxc3 Ng6 9. Re1 Bb4 10. a3 Bxc3 11. bxc3 Qc7 12. c4 dxc4 13. Bxc4 O-O 14. Bb2 Ncxe5 15. Nxe5 Nxe5 16. Bxe5 Qxc4 17. Rc1 Qh4 18. Rc7 f6 19. Bg3 Qg5 20. h4 Qf5 21. Qd6 e5 22. f4 e4 23. Qe7 Qg6 24. Kh2 Bf5 25. Rxb7 Rf7 26. Qb4 Re8 27. Re3 h5 28. Rb5 Qg4 29. Qc5 g6 30. Qb4 Qd1 31. Be1 Rd7 32. Rg3 Bg4 33. Bc3 Qd6 34. Qc4+ Kh7 35. Qf1 e3 0-1

[Event "Coventry Blitz op"]
[Site "Coventry ENG"]
[Date "2025.10.28"]
[Round "5"]
[White "Wang, Hao3"]
[Black "Golubka, Petro"]
[Result "1-0"]
[WhiteElo "2186"]
[BlackElo "2455"]
[WhiteFideId "-1"]
[BlackFideId "-1"]
[PlyCount "145"]
[GameId "546820752177"]
[EventDate "2025.10.28"]
[EventType "swiss"]
[EventRounds "9"]
[EventCountry "ENG"]
[SourceTitle "Mega2025 Update 53"]
[Source "Chessbase"]
[SourceDate "2025.11.09"]
[SourceVersion "1"]
[SourceVersionDate "2025.11.09"]
[SourceQuality "1"]

1. e4 Nc6 2. Nf3 d5 3. exd5 Qxd5 4. Nc3 Qd8 5. h3 Nf6 6. d4 a6 7. Be3 Bf5 8. a3 e6 9. Bd3 Bxd3 10. Qxd3 Be7 11. O-O O-O 12. Rad1 Nd5 13. Nxd5 exd5 14. c4 Bf6 15. b4 Re8 16. c5 Qd7 17. Rb1 Na7 18. Bf4 Re4 19. Be5 Qb5 20. Qc2 Bxe5 21. Nxe5 f6 22. Nf3 Rae8 23. a4 Qc4 24. Qd2 Nc6 25. Rfc1 Qe2 26. Qc3 Qc4 27. Qd2 Qe2 28. Qc3 Qc4 29. Qxc4 dxc4 30. Rxc4 Rd8 31. Rd1 Ne5 32. Nxe5 fxe5 33. a5 c6 34. f3 Rexd4 35. Rcxd4 exd4 36. Kf2 Kf7 37. Ke2 Re8+ 38. Kd3 Kf6 39. Rd2 Rd8 40. Ke4 Re8+ 41. Kxd4 h5 42. Kc4 Re7 43. h4 Kf5 44. Rd4 Kf6 45. Rf4+ Kg6 46. Re4 Rd7 47. Rd4 Re7 48. Re4 Rd7 49. Re5 Rd2 50. g4 hxg4 51. fxg4 Rg2 52. Re4 Kf6 53. Kd3 Rh2 54. Rf4+ Ke6 55. Re4+ Kd5 56. Rd4+ Ke5 57. Re4+ Kd5 58. h5 Rh3+ 59. Re3 Rh4 60. Re4 Rh3+ 61. Re3 Rh4 62. Re7 Rxg4 63. Rd7+ Ke5 64. Rxb7 Rg3+ 65. Kc4 Rg4+ 66. Kb3 Rg3+ 67. Kb2 Kd4 68. b5 cxb5 69. c6 Rg2+ 70. Kb3 Rg1 71. Rd7+ Ke5 72. c7 Rc1 73. Rxg7 1-0

[Event "Coventry Blitz op"]
[Site "Coventry ENG"]
[Date "2025.10.28"]
[Round "6"]
[White "Golubka, Petro"]
[Black "Baer, Bruce L"]
[Result "1-0"]
[WhiteElo "2455"]
[BlackElo "1959"]
[WhiteFideId "-1"]
[BlackFideId "-1"]
[PlyCount "47"]
[GameId "546820752198"]
[EventDate "2025.10.28"]
[EventType "swiss"]
[EventRounds "9"]
[EventCountry "ENG"]
[SourceTitle "Mega2025 Update 53"]
[Source "Chessbase"]
[SourceDate "2025.11.09"]
[SourceVersion "1"]
[SourceVersionDate "2025.11.09"]
[SourceQuality "1"]

1. e4 g6 2. d4 Bg7 3. Bc4 d6 4. Nf3 e6 5. h4 h6 6. a4 Ne7 7. Nc3 d5 8. Bb3 Nbc6 9. Be3 dxe4 10. Nxe4 Nf5 11. c3 Nxe3 12. fxe3 O-O 13. h5 g5 14. Nfxg5 hxg5 15. h6 Bf6 16. Qh5 Kh8 17. O-O Be7 18. Rxf7 Rxf7 19. Qxf7 Qg8 20. Qh5 Na5 21. Bc2 e5 22. Rf1 Be6 23. Nf6 Nc4 24. Nxg8 1-0

[Event "Coventry Blitz op"]
[Site "Coventry ENG"]
[Date "2025.10.28"]
[Round "7"]
[White "Ward, Cian"]
[Black "Golubka, Petro"]
[Result "0-1"]
[WhiteElo "1918"]
[BlackElo "2455"]
[WhiteFideId "-1"]
[BlackFideId "-1"]
[PlyCount "86"]
[GameId "546820752213"]
[EventDate "2025.10.28"]
[EventType "swiss"]
[EventRounds "9"]
[EventCountry "ENG"]
[SourceTitle "Mega2025 Update 53"]
[Source "Chessbase"]
[SourceDate "2025.11.09"]
[SourceVersion "1"]
[SourceVersionDate "2025.11.09"]
[SourceQuality "1"]

1. e4 e6 2. d4 d5 3. Nd2 h6 4. Bd3 c5 5. dxc5 Bxc5 6. exd5 exd5 7. Ngf3 Nc6 8. O-O Nge7 9. Nb3 Bb6 10. Re1 O-O 11. Be3 Bg4 12. h3 Bh5 13. Bxb6 Qxb6 14. Be2 Rac8 15. c3 a5 16. Nfd4 Bxe2 17. Rxe2 a4 18. Nxc6 Nxc6 19. Nd4 Nxd4 20. Qxd4 Qxd4 21. cxd4 Rc4 22. Rd1 Rfc8 23. Rdd2 Kf8 24. Re5 Rd8 25. Kf1 Re8 26. Rxe8+ Kxe8 27. Ke2 Kd7 28. Kd3 Rc1 29. Rc2 Rd1+ 30. Rd2 Rg1 31. g3 g5 32. Ke3 Ra1 33. a3 Rh1 34. Rc2 b6 35. Kf3 Rd1 36. Ke3 f5 37. h4 f4+ 38. gxf4 gxh4 39. f3 Re1+ 40. Kd3 Rh1 41. Rg2 h3 42. Rg6 h2 43. Rxh6 Rd1+ 0-1

[Event "Coventry Blitz op"]
[Site "Coventry ENG"]
[Date "2025.10.28"]
[Round "8"]
[White "Golubka, Petro"]
[Black "Brett, Andrew"]
[Result "1-0"]
[WhiteElo "2455"]
[BlackElo "1982"]
[WhiteFideId "-1"]
[BlackFideId "-1"]
[PlyCount "59"]
[GameId "546820752230"]
[EventDate "2025.10.28"]
[EventType "swiss"]
[EventRounds "9"]
[EventCountry "ENG"]
[SourceTitle "Mega2025 Update 53"]
[Source "Chessbase"]
[SourceDate "2025.11.09"]
[SourceVersion "1"]
[SourceVersionDate "2025.11.09"]
[SourceQuality "1"]

1. e4 c6 2. d4 d5 3. e5 Bf5 4. g4 Be4 5. f3 Bg6 6. h4 h5 7. e6 Qd6 8. exf7+ Bxf7 9. g5 Qg3+ 10. Kd2 Nd7 11. Bh3 Qf4+ 12. Ke2 Qd6 13. f4 c5 14. Nf3 cxd4 15. Qxd4 e6 16. Be3 Ne7 17. Nc3 Nc6 18. Qd2 Bg6 19. f5 Bxf5 20. Bxf5 exf5 21. Qxd5 O-O-O 22. Qxf5 g6 23. Qe4 Bg7 24. Rad1 Qf8 25. Nb5 Qd6 26. Nc3 Qg3 27. Rb1 Qd6 28. Rbd1 Qg3 29. Rdg1 Qd6 30. Nb5 1-0

[Event "Coventry Blitz op"]
[Site "Coventry ENG"]
[Date "2025.10.28"]
[Round "9"]
[White "Patel, Devan"]
[Black "Golubka, Petro"]
[Result "0-1"]
[WhiteElo "1932"]
[BlackElo "2455"]
[WhiteFideId "-1"]
[BlackFideId "-1"]
[PlyCount "160"]
[GameId "546820752247"]
[EventDate "2025.10.28"]
[EventType "swiss"]
[EventRounds "9"]
[EventCountry "ENG"]
[SourceTitle "Mega2025 Update 53"]
[Source "Chessbase"]
[SourceDate "2025.11.09"]
[SourceVersion "1"]
[SourceVersionDate "2025.11.09"]
[SourceQuality "1"]

1. d4 Nf6 2. Bf4 d6 3. Nc3 Nbd7 4. Nf3 Nh5 5. Bc1 e5 6. dxe5 dxe5 7. e4 Nhf6 8. Bd3 c6 9. Be3 Bb4 10. Bd2 O-O 11. h3 Re8 12. O-O Nc5 13. Qe2 Nxd3 14. cxd3 b6 15. a3 Bf8 16. Rfd1 Ba6 17. Bg5 h6 18. Bh4 Qd6 19. Qc2 Nh5 20. Rd2 Qg6 21. Rad1 c5 22. Nd5 Bd6 23. Ne3 Bc8 24. b4 Bxh3 25. Ne1 Be6 26. Rb1 Rec8 27. b5 Nf4 28. Bg3 Qf6 29. Nf3 g5 30. Nc4 Bc7 31. Bxf4 exf4 32. Re1 g4 33. e5 Qe7 34. Nh2 h5 35. Nf1 Qg5 36. Rde2 Bf5 37. Qc3 f3 38. Re3 fxg2 39. Ng3 Rd8 40. Nxf5 Qxf5 41. Kxg2 Re8 42. Re4 Qf3+ 43. Kg1 Rad8 44. R1e3 Qf5 45. Rg3 Rd4 46. Ne3 Qe6 47. Rxd4 cxd4 48. Qxc7 dxe3 49. Rxe3 Rc8 50. Qb7 h4 51. Qe4 Rc1+ 52. Kh2 Rc2 53. Re2 Rxe2 54. Qxe2 Qf5 55. Qe3 Kg7 56. d4 Kg6 57. d5 Qc2 58. e6 g3+ 59. Kg2 gxf2 60. e7 Qf5 61. Qxf2 Qxd5+ 62. Qf3 Qg5+ 63. Kh1 Qxe7 64. Qg4+ Qg5 65. Qe4+ Qf5 66. Qc6+ Kg5 67. Qc1+ Qf4 68. Qc8 Qf3+ 69. Kh2 Qg3+ 70. Kh1 f5 71. Qg8+ Kf4 72. Qc4+ Ke5 73. Qc7+ Kd4 74. Qd7+ Kc5 75. Qc6+ Kd4 76. Qd7+ Kc4 77. Qc6+ Kb3 78. Qe6+ Kc3 79. Qf6+ Kd3 80. Qd6+ Qxd6 0-1

[Event "Coventry op"]
[Site "Coventry ENG"]
[Date "2025.10.18"]
[Round "6"]
[White "Golubka, Petro"]
[Black "Turner, Max N"]
[Result "1/2-1/2"]
[WhiteElo "2385"]
[BlackElo "2255"]
[WhiteFideId "-1"]
[BlackFideId "-1"]
[PlyCount "88"]
[GameId "546467339622"]
[EventDate "2025.10.26"]
[EventType "swiss"]
[EventRounds "9"]
[EventCountry "ENG"]
[SourceTitle "Mega2025 Update 53"]
[Source "Chessbase"]
[SourceDate "2025.11.09"]
[SourceVersion "1"]
[SourceVersionDate "2025.11.09"]
[SourceQuality "1"]

1. e4 e5 2. Nf3 Nc6 3. Bb5 a6 4. Ba4 Nf6 5. d3 b5 6. Bb3 Be7 7. O-O O-O 8. Re1 d6 9. a3 Na5 10. Ba2 c5 11. Nc3 Nc6 {has lost popularity (11...Be6). verliert an Beliebtheit (11...Le6).} 12. Bg5 Be6 13. Bxf6 Bxf6 14. Nd5 g6 15. c3 Bg7 16. b4 Ne7 17. Ne3 Qd7 18. Re2 $146 (18. a4 Rfb8 19. Bxe6 Qxe6 20. Qc2 Bh6 21. Qa2 Bxe3 22. Rxe3 Qxa2 23. Rxa2 cxb4 24. cxb4 {½-½ Shankland,S (2705)-Ding,L (2811) chess.com Speed Chess.com INT blitz 2019 (1.28)}) 18... Rfc8 19. Bxe6 Qxe6 20. c4 Bh6 21. Nd5 Nxd5 22. cxd5 Qd7 23. Rc2 Qa7 24. a4 cxb4 25. axb5 Qb7 26. Rxc8+ Qxc8 27. Qa4 a5 28. b6 Qb7 29. Qb5 Rb8 30. Qxa5 Qxb6 31. Qxb6 Rxb6 32. Rb1 b3 33. Kf1 Rb4 34. Ke2 f5 35. Nd2 Ra4 36. Nxb3 fxe4 37. dxe4 Rxe4+ 38. Kd3 Ra4 39. Ra1 e4+ 40. Ke2 Rb4 41. Ra8+ Kf7 42. Ra7+ Kg8 43. Ra8+ Kf7 44. Ra7+ Kg8 1/2-1/2

[Event "Coventry op"]
[Site "Coventry ENG"]
[Date "2025.10.18"]
[Round "9"]
[White "Plat, Vojtech"]
[Black "Golubka, Petro"]
[Result "1-0"]
[WhiteElo "2456"]
[BlackElo "2385"]
[WhiteFideId "-1"]
[BlackFideId "-1"]
[PlyCount "63"]
[GameId "546624800128"]
[EventDate "2025.10.26"]
[EventType "swiss"]
[EventRounds "9"]
[EventCountry "ENG"]
[SourceTitle "Mega2025 Update 53"]
[Source "Chessbase"]
[SourceDate "2025.11.09"]
[SourceVersion "1"]
[SourceVersionDate "2025.11.09"]
[SourceQuality "1"]

1. d4 Nf6 2. Nf3 e6 3. e3 b6 4. b3 Bb7 5. Bb2 Be7 6. Bd3 O-O 7. Nbd2 d5 8. c4 Nbd7 {8...Nbd7 is better than 8...c5. 8...Sbd7 ist besser als 8...c5.} 9. O-O a6 10. Qc2 h6 11. Rfd1 $146 (11. e4 dxe4 12. Nxe4 c5 13. Rad1 Qc7 14. dxc5 bxc5 15. Rfe1 Rad8 16. Nxf6+ Nxf6 17. Ne5 {½-½ Bin Suhayl,I (2187)-Seresin,F (2367) ITA-ch U20 79th Padova 2019 (6)}) 11... Re8 12. Rac1 Bd6 13. e4 dxe4 14. Nxe4 Bxe4 15. Bxe4 Nxe4 16. Qxe4 Nf6 17. Qe2 a5 18. Ne5 a4 19. Bc3 a3 20. Qf3 Qc8 21. Nc6 Nd7 22. b4 Ra4 23. Re1 Qa8 24. d5 e5 25. Bd2 Qc8 26. h3 Kf8 27. Qf5 Nf6 28. Qxc8 Rxc8 29. c5 bxc5 30. bxc5 Ne4 31. cxd6 Nxd2 32. d7 1-0

[Event "Marburger Schachtage"]
[Site "Marburg GER"]
[Date "2025.10.17"]
[Round "2.30"]
[White "Golubka, Petro"]
[Black "Morgen, Andreas"]
[Result "1-0"]
[WhiteElo "2385"]
[BlackElo "1746"]
[WhiteFideId "-1"]
[BlackFideId "-1"]
[PlyCount "39"]
[GameId "2263117232746666"]
[EventDate "2025.10.16"]
[EventType "swiss"]
[EventRounds "7"]
[EventCountry "GER"]
[SourceTitle "The Week in Chess 1626"]
[Source "Mark Crowther"]
[SourceDate "2026.01.05"]
[SourceVersion "1"]
[SourceVersionDate "2026.01.05"]
[SourceQuality "2"]

1. Nf3 Nf6 2. g3 c5 3. Bg2 Nc6 4. c4 d5 5. cxd5 Nxd5 6. O-O e6 7. d4 c4 8. Na3 Bxa3 9. bxa3 b5 10. Qc2 Qf6 11. e4 Nc7 12. Bb2 Qe7 13. d5 Nd8 14. Bxg7 Rg8 15. Be5 Nb7 16. Rfd1 exd5 17. exd5 Nd6 18. Qxh7 Rf8 19. Re1 Bf5 20. Bxd6 1-0

[Event "Marburger Schachtage"]
[Site "Marburg GER"]
[Date "2025.10.17"]
[Round "3.14"]
[White "Mandalka, Justus"]
[Black "Golubka, Petro"]
[Result "0-1"]
[WhiteElo "1998"]
[BlackElo "2385"]
[WhiteFideId "-1"]
[BlackFideId "-1"]
[PlyCount "94"]
[GameId "2263117232873700"]
[EventDate "2025.10.16"]
[EventType "swiss"]
[EventRounds "7"]
[EventCountry "GER"]
[SourceTitle "The Week in Chess 1626"]
[Source "Mark Crowther"]
[SourceDate "2026.01.05"]
[SourceVersion "1"]
[SourceVersionDate "2026.01.05"]
[SourceQuality "2"]

1. e4 c5 2. Nf3 d6 3. d4 cxd4 4. Nxd4 Nf6 5. Nc3 a6 6. h3 e6 7. a4 h5 8. g3 Nc6 9. Bg2 Bd7 10. O-O Be7 11. Nxc6 Bxc6 12. b3 Rc8 13. Bb2 Qa5 14. Re1 e5 15. Nb1 h4 16. g4 O-O 17. Nd2 Qc7 18. Nc4 b5 19. axb5 axb5 20. Ne3 g6 21. c4 Qb7 22. Nd5 bxc4 23. Nxe7+ Qxe7 24. bxc4 Nd7 25. Qd2 Nc5 26. Rad1 Rfd8 27. f4 Ba4 28. Rb1 Bb3 29. Qc3 Re8 30. Kh1 Ba2 31. fxe5 dxe5 32. Ra1 Na4 33. Qxe5 Qxe5 34. Bxe5 Rxe5 35. Rxa2 Rxc4 36. Rea1 Nc5 37. Ra8+ Kg7 38. Rc8 Rd4 39. Ra5 Rd1+ 40. Kh2 Nd3 41. Rxe5 Nxe5 42. Rc5 Kf6 43. Ra5 Rc1 44. Rd5 Ke6 45. g5 Rc3 46. Kg1 Rg3 47. Ra5 Rxg5 0-1

[Event "Marburger Schachtage"]
[Site "Marburg GER"]
[Date "2025.10.18"]
[Round "4.8"]
[White "Golubka, Petro"]
[Black "Duncker, J."]
[Result "1-0"]
[WhiteElo "2385"]
[BlackElo "2081"]
[WhiteFideId "-1"]
[BlackFideId "-1"]
[PlyCount "91"]
[GameId "2263117232906537"]
[EventDate "2025.10.16"]
[EventType "swiss"]
[EventRounds "7"]
[EventCountry "GER"]
[SourceTitle "The Week in Chess 1626"]
[Source "Mark Crowther"]
[SourceDate "2026.01.05"]
[SourceVersion "1"]
[SourceVersionDate "2026.01.05"]
[SourceQuality "2"]

1. Nf3 c5 2. g3 Nc6 3. Bg2 d5 4. d4 Bg4 5. Ne5 Be6 6. Nxc6 bxc6 7. dxc5 Qa5+ 8. c3 Qxc5 9. Nd2 Nf6 10. Nb3 Qb6 11. Be3 Qc7 12. Bf4 Qb6 13. O-O g6 14. Be3 Qc7 15. Nc5 Bg7 16. Nxe6 fxe6 17. Qa4 O-O 18. Rfc1 Qb7 19. Bc5 Rf7 20. Bh3 Nd7 21. Be3 Nf8 22. Rab1 a5 23. c4 Rc8 24. b4 axb4 25. Rxb4 Ra8 26. Rxb7 Rxa4 27. cxd5 exd5 28. Ra7 Rb4 29. Rxc6 d4 30. Bc1 Rb1 31. Kg2 d3 32. e3 Bb2 33. Rb6 Rxc1 34. Rxb2 e5 35. Ra8 Kg7 36. e4 h5 37. Rd8 Rd1 38. a4 Nh7 39. Be6 Rc7 40. Bb3 Re1 41. Rxd3 Ng5 42. Re3 Rxe3 43. fxe3 Nxe4 44. a5 Ra7 45. Bd5 Nd6 46. Rb6 1-0

[Event "Marburger Schachtage"]
[Site "Marburg GER"]
[Date "2025.10.18"]
[Round "5.4"]
[White "Ikonnikov, Vy"]
[Black "Golubka, Petro"]
[Result "1/2-1/2"]
[WhiteElo "2454"]
[BlackElo "2385"]
[WhiteFideId "-1"]
[BlackFideId "-1"]
[PlyCount "28"]
[GameId "2263117232939375"]
[EventDate "2025.10.16"]
[EventType "swiss"]
[EventRounds "7"]
[EventCountry "GER"]
[SourceTitle "The Week in Chess 1626"]
[Source "Mark Crowther"]
[SourceDate "2026.01.05"]
[SourceVersion "1"]
[SourceVersionDate "2026.01.05"]
[SourceQuality "2"]

1. d4 Nf6 2. Nf3 e6 3. c4 d5 4. Nc3 dxc4 5. e3 a6 6. a4 b6 7. Bxc4 Bb7 8. O-O Bb4 9. Qe2 Nbd7 10. Rd1 O-O 11. Bd2 Qe7 12. Be1 Rfd8 13. h3 h6 14. Rac1 c5 1/2-1/2

[Event "Marburger Schachtage"]
[Site "Marburg GER"]
[Date "2025.10.19"]
[Round "6.6"]
[White "Golubka, Petro"]
[Black "Jiang, Brandon"]
[Result "1-0"]
[WhiteElo "2385"]
[BlackElo "2046"]
[WhiteFideId "-1"]
[BlackFideId "-1"]
[PlyCount "37"]
[GameId "2263117232968121"]
[EventDate "2025.10.16"]
[EventType "swiss"]
[EventRounds "7"]
[EventCountry "GER"]
[SourceTitle "The Week in Chess 1626"]
[Source "Mark Crowther"]
[SourceDate "2026.01.05"]
[SourceVersion "1"]
[SourceVersionDate "2026.01.05"]
[SourceQuality "2"]

1. Nf3 d6 2. d4 f5 3. g3 Nf6 4. c3 g6 5. Qb3 e6 6. Bg2 Bg7 7. O-O O-O 8. a4 Qe8 9. a5 a6 10. c4 Kh8 11. Nc3 e5 12. d5 Nh5 13. Ng5 c6 14. Na4 cxd5 15. Nb6 Ra7 16. Bxd5 Bd7 17. Be3 f4 18. Nxd7 fxe3 19. Nxf8 1-0